00793nam a22001817a 450000500170000000800440001705000200006124501590008125000120024026000700025230000230032249000670034550400320041265000350044470000530047970000430053270000360057520240201141458.0240201b mx |||||||| |||| 00| 0 spa d04aK212 bA58 197800aAntología de estudios sobre la investigación jurídica c/ colaboraciones Jorge Mario García Laguardía ... [et al.] ; compilador Jorge Witker V.  a1a ed.  aMéxico : bUniversidad Nacional Autónoma de México, c1978 a276 p. ; c23 cm. 0 aCoordinación de Humanidades. aLecturas Universitarias v29  aBibliografía : p. 271-276 72lembaDerecho xMetodología 1 aGarcía Laguardia, Jorge Mario, ecolaborador 1 aLuján Muñoz, Jorge, ecolaborador 1 aWitker V., Jorge, ecompilador